Sebastian Stan Filmografie - Statistiken

Allgemein
  • Dieses Quiz wurde 3 mal gespielt
  • Das Durchschnittsergebnis liegt bei 14 aus 45
Antwortstatistiken
Hint Antwort % Korrekt
2019 Avengers: Endgame
100%
2018 Avengers: Infinity war
100%
2016 Captain America: Civil war
100%
2011 Captain America: the first Avenger
67%
2014 Captain America: the Return of the first Avenger
67%
2022 Fresh
67%
* 2007-2010 Gossip Girl
67%
2017 I, Tonya
67%
* 2012 Political Animals
67%
2024 The Apprentice
67%
2025 Thunderbolts*
67%
* 2021, 2023-2024 What if
67%
2012 Apparition
33%
2018 Black Panther
33%
2025 Captain America: Brave new World
33%
2018 Destroyer
33%
* 2021 Falcon and the winter soldier
33%
2023 Ghosted
33%
2010 Hot Tub
33%
2019 Love Again
33%
2020 Monday
33%
* 2012 Once Upon a Time
33%
* 2022 Pam & Tommy
33%
2022 The 355
33%
2016 The Bronze
33%
2018 We have always lived in the castle
33%
2024 A Different Man
0%
2015 Ant-Man
0%
2010 Black Swan
0%
2007 Charlie Banks
0%
2012 das verlorene Labyrinth
0%
2015 Der Marsianer
0%
2006 Der Pakt
0%
2023 Dumb Money
0%
2012 Gone
0%
2017 I'm not here
0%
* 2009 Kings
0%
* 2003 Law & Order
0%
2017 Logan Lucky
0%
2008 Rachels Hochzeit
0%
2015 Ricki - wie Familie so ist
0%
2023 Sharper
0%
2020 The Devil all the time
0%
2019 The Last Full Measure
0%
2009 Toy Boy
0%
Keine übereinstimmenden Quizze gefunden
Verteilung der Resultate
Anzahl Personen mit jedem Resultat
Perzentil nach korrekt beantworteten Fragen
Ihre Resultats-Entwicklung
Sie haben dieses Quiz noch nicht gespielt